Metal trivia quiz - Statistics

General Stats
  • This quiz has been taken 68 times
  • The average score is 12 of 31
Answer Stats
Hint Answer % Correct
First name of metallica drummer Lars
85%
What animal did Ozzy Osbourne decapitated with his teeth? Bat
82%
What is the most famous band that wears masks? Slipknot
78%
How is crowd pushing each other during concerts called? Mosh Pit
60%
How is the mascot of Iron Maiden called? Eddie
58%
What does a stereotypical metal vest/jacket have? Patches/spikes
58%
How is also Glam metal called? Hair
56%
Wchich band’s fan carved the logo into his arm? Slayer
56%
Wchich member of Mayhem killed someone else? Varg
56%
How is the “not makeup” that black metal bands/fans wear called? Corpsepaint
55%
How is George Fisher, frontman of Cannibal Corpse called? Corpsegrinder
53%
Wchich member of Mayhem killed himself? Dead
49%
How is the fastest type of beat, used by extreme metal bands called? Blast
44%
Wchich type of belt metal fans (especially thrash) wear? Bullet
44%
Wchich color of M&Ms did Van Halen use to test if technical demands are met? Brown
42%
What many metal “fans” argue is or isn’t metal? Core/nu/everything
42%
How is the more sexual version of goregrind called? Pornogrind
40%
What is one of most common adjectives to “death metal” Technical/melodic/blackened/brutal
40%
What is the shortest song ever recorded, by the band Napalm Death, called? You Suffer
36%
How is specific type of brutal death metal called? Slam
31%
How is the mascot of Megadeth called? Victor/Rattlehead/Vic Rattlehead
31%
Wchich body part did Tommy Iommi injure prior to joining Black Sabbath? Fingers
29%
God of metal Rob Halford
25%
What does James Hetfield do at the end of “Blitzkrieg” ? Burp/Laugh
13%
Wchich rock/metal band sucks? Primus/KMFDM
13%
Wchich form of traditional japanese theatre influenced many glam/shock rock/metal bands (Kiss, Seikima II) Kabuki
9%
What other rock/metal frontman is named “Osb(u)orne” and has 2 zz in his first name? Buzz/King Buzzo/Buzzo
7%
What band is the song “Blitzkrieg” by metallica cover from? Blitzkrieg
5%
What Dying Fetus tells us to do in their most (in)famous song Kill your mother/rape your dog
5%
What is his most famous band? Melvins
5%
How is the sludge metal band, that worships slugs called? Slugdge
5%
No matching quizzes found
Score Distribution
Percent of People with Each Score
Percentile by Number Answered
Your Score History
You have not taken this quiz